000 00326nam a2200145Ia 4500
008 230312s9999||||xx |||||||||||||| ||und||
082 _a658.0072
_bSEK-R
100 _aSekaran
245 0 _aResearch Methods for Business
260 _c2003
300 _a450
546 _aEng.
650 _aAccounting
_vSampling
942 _cBK
999 _c1068
_d1068